Manual de usuario aplicación Web de control para las ferias tecnológicas de la facultad de Electrotecnia y computación FEC AWFT- FEC.

Presenta la información técnica correspondiente al proyecto de aplicación Web de control para las ferias tecnológicas de la Facultad de Electrotecnia y computación FEC, la aplicación permite el registro de grupos de feria mediante un entorno Web, la oportunidad de facilidad de toma de decisió...

Full description

Bibliographic Details
Main Authors: Almanza Canales, Elizabeth Noemí, González Hernández, Josué Alberto
Other Authors: Tutor: Flores Quintana, Gloria Thalía
Format: Tesis Section = Libro
Language:Undetermined
Spanish
Published: Managua UNI 2012
Subjects:
LEADER 01283nam a2200241Ia 4500
008 240830s9999 xx 000 0 und d
040 |a BIBLIOTECA-RUSB/ Mon 005.369 A445.Ma 
041 |a spa 
082 |a Mon 005.369 A445.Ma 
100 1 |a Almanza Canales, Elizabeth Noemí 
100 1 |b  González Hernández, Josué Alberto 
245 1 0 |a Manual de usuario aplicación Web de control para las ferias tecnológicas de la facultad de Electrotecnia y computación FEC AWFT- FEC. 
260 |a Managua  |b UNI  |c 2012 
300 |a 171 p. :il. 
502 |a Tesis (Ingeniero en Computación) - UNI, 2012. 
520 3 |a Presenta la información técnica correspondiente al proyecto de aplicación Web de control para las ferias tecnológicas de la Facultad de Electrotecnia y computación FEC, la aplicación permite el registro de grupos de feria mediante un entorno Web, la oportunidad de facilidad de toma de decisión al personal administrativo de la feria sobre la aprobación o no de un proyecto. 
650 7 |a APLICACION WEB - INSTALACION Y CONFIGURACION 
650 7 |b  APLICACION WEB - DIAGRAMA DE FUNCIONAMIENTO 
650 7 |c  CODIGO FUENTE - APLICACIÓN WEB 
700 1 |a Tutor:  |b Flores Quintana, Gloria Thalía 
942 |c BK  |2 ddc 
991 |a TESIS 
999 |c 19736